50 Personnages : Agents du SHIELD - Statistiques

Statistiques générales
  • Ce quiz a été pris 36 fois
  • Le résultat moyen est 14 sur 50
Statistiques - réponses
Hint Réponse % Correct
1 Coulson
96%
3 May
96%
2 Daisy
93%
6 Simmons
93%
5 Fitz
86%
4 Ward
82%
7 Mack
79%
37 Yo-Yo
64%
8 Bobbi
61%
11 Hunter
57%
35 Lincoln
57%
21 John Garrett
46%
9 Triplett
39%
27 Raina
32%
23 Gideon Malick
29%
14 Mike Peterson
29%
10 Victoria Hand
29%
50 Enoch
25%
29 Jiaying
25%
19 Whitehall
25%
12 Gonzales
21%
28 Gordon
21%
24 Stephanie Malick
21%
42 Talbolt
21%
13 Agent 33
18%
18 Koenig
18%
38 Andrew
14%
46 Radcliffe
14%
26 Ruby
14%
17 Agent Weaver
11%
20 Bakshi
11%
16 Isabel Hartley
11%
36 Joez
11%
47 Kasius
11%
22 Von Strucker
11%
30 Hive
7%
15 Jeffrey Mace
7%
31 Alisha
4%
41 Banks
4%
43 Creel
4%
25 Général Hale
4%
34 Giyera
4%
39 Nadeer
4%
40 Rosalind
4%
48 Sinara
4%
32 Hellfire
0%
44 Ivanoff
0%
49 Kaulnak
0%
33 Lucio
0%
45 Lucy Bauer
0%
Aucun quiz correspondant
Distribution des résultats
% des personnes avec chaque résultat
Percentile par nombre de réponses
Votre historique - résultats
Vous n’avez pas pris ce quiz